000 00891nam a22002537a 4500
999 _c65671
_d65671
005 20240530110837.0
008 191118s2007 ua a f b 000 0aara d
017 _a2007/13916
_bمصر. دار الكتب
020 _a9789770920675
040 _aEG-CaGPL
_cEG-CaGPL
082 0 4 _221
_a909.04924
_bق/ح ت
100 1 _aحاسون، جاك
245 1 0 _aتاريخ يهود النيل /
_cتحرير جاك حاسون ؛ ترجمة يوسف درويش
250 _aط.1
260 _aالقاهرة :
_bدار الشرق،
_c2007
300 _a265 ص. :
_bايض. ؛
_c24 سم.
504 _aيشمل على ارجاعات ببليوجرافية
650 0 7 _2qrmak
_aالاقليات
_zمصر
650 0 7 _aاليهود
_xتاريخ
_2qrmak
651 _2qrmak
700 0 _aيوسف درويش
_eمترجم
942 _2ddc
_cBK